000
00316nam a2200121 a 4500
001
000041046
005
20201002034558.0
008
130916s1987 nq 000 0 spa d
040
_a
DO-SdBNP
_b
spa
_c
BNPHU
245
0
0
_a
Poesía Soviética.
260
_a
Managua :
_b
Nueva Nicaragua,
_c
1987.
300
_a
719 p. ;
_c
25 cm.
999
_c
40536
_d
40536